02025 2200205 4500001002100000005001500021035002000036008004100056245005300097100001900150250000600169260003800175300001200213084001400225082000800239650001000247520153800257990001201795990001201807INLIS00000000000094420240531091534 a0010-0524000179240531 1 ind 1 aAphrodite; Adakah Aku Dihatimu /cAlfida Fawazi aFawazi, Alfida a1 aYogyakarta :bSheila/ Andi,c2013 a162 hlm a813 ALF a a813 4aFiksi aAphrodite Gazzele, bagi Arka dan Sesil, nama yang terlalu bagus bagi perempuan tipe childish, ceroboh, dan suka bertindak semaunya seperti Odit. Odit duduk dikelas 2 SMA, punya penampilan fisik yang bagi dua sahabat Odit memegang teguh prinsip don t judge a book by its cover . Orang-orang yang belum kenal sepenuhnya dengan Odit pasti akan berpendapat Odit itu perempuan yang sangat manis.Wajah lucu dan sikap ramahnya ke setiap orang, membuat semua terpesona. Kepolosan Odit yang melebihi anak kecil pun membuat kedua sahabatnya itu harus ekstra ketat menjaga Odit. Terlebih kenekatan Odit akan suatu hal yang dia sukai. Odit punya satu keanehan. Disaat semua teman-teman disekolahnya, kecuali Arka, siap antri jadi pacar Odit, Odit punya kualifikasi aneh dalam mencari pacar. Satu, cowok manapun yang memiliki keinginan jadi pacar Odit harus keren dan dewasa seperti Mamoru Chiba, salah satu karakter serial kartun Sailormoon. Dua, cowok manapun itu harus bersikap cool dan misterius seperti Killua, tokoh kartun dari serial Hunter X Hunter. Hingga suatu hari Odit bertemu dengan Adonis Alcanderiko (Iko) yang memiliki karakter datar, dingin dan jarang bicara. Odit langsung jatuh hati pada Iko dan melakukan berbagai cara untuk menarik perhatian Iko.Sayangnya, Iko tidak pernah menanggapi perasaan Odit. Tapi itu tidak membuat Odit menyerah, Odit semakin bersemangat mendapatkan hati Iko. Meskipun banyak rintangan yang harus dia hadapi. Mulai dari rintangan dalam skala kecil, hingga yang membahayakan bagi diri Odit sendiri. a0741642 a0741643